wszyscy finaliści pucharu polski - Statystyki

Ogólne statystyki
  • Ten quiz został rozwiązany 77 razy
  • Średni wynik to 25 z 37
Statystyki odpowiedzi
miasto klub % Poprawnych
kraków wisła kraków
96%
chorzów ruch chorzów
90%
warszawa legia warszawa
88%
warszawa polonia warszawa
88%
katowice gks katowice
85%
łódź łks łódź
85%
łódź widzew łódź
83%
gdynia arka gdynia
82%
poznań lech poznań
82%
płock wisła płock
82%
zabrze górnik zabrze
81%
kielce korona kielce
81%
gdańsk lechia gdańsk
81%
częstochowa raków częstochowa
81%
lubin zagłębie lubin
81%
kraków cracovia kraków
79%
szczecin pogoń szczecin
79%
wrocław śląsk wrocław
79%
legnica miedź legnica
78%
gliwice piast gliwice
78%
bytom polonia bytom
78%
mielec stal mielec
78%
rzeszów stal rzeszów
78%
sosnowiec zagłębie sosnowiec
76%
wronki amica wronki
75%
bełchatów gks bełchatów
74%
bydgoszcz zawisza bydgoszcz
74%
białystok jagielonia białystok
64%
rybnik row rybnik
61%
grodzisk wielkopolski dyskobolia grodzisk wielkopolski
56%
warszawa gwardia warszawa
49%
żagań czarni żagań
36%
konin aluminium konin
25%
lwów sparta lwów
7%
warszawa legia warszawa 2
6%
chorzów ruch chorzów 2
4%
kraków gwardia kraków
3%
Nie znaleziono quizów pasujących do podanych kryteriów
Rozkład punktacji
Procent ludzi z każdym wynikiem
Percentyl według liczby udzielonych odpowiedzi
Twoja historia wyników
Nie rozwiązałeś tego quizu